| 000 | 00920 a2200217 4500 | ||
|---|---|---|---|
| 001 | 29822 | ||
| 005 | 20260407155608.0 | ||
| 008 | 260407a1971 arg spa d | ||
| 003 | AR-UNSa-BCEJYS | ||
| 040 |
_aAR-UNSa-BCEJYS _bspa _cAR-UNSa-BCEJYS |
||
| 080 |
_a657.471.1 _xClases de costos. Costos de producción |
||
| 245 | 1 | 0 | _aSistemas de costos operativos |
| 264 | 1 |
_aBuenos Aires : _bEl Ateneo _c1971 |
|
| 300 |
_a168 p. _c20 cm. |
||
| 505 | _a1. Conceptos basicos de contabilidad administrativa - 2. Elementos de la contabilidad de costos - 3. Sistemas de costos standard: el comportamiento de costos - 4. La utilización de la información de costos para el control - 5. Presupuestos - 6. La utilización de la información de costos en la desición | ||
| 942 | _cBK | ||
| 590 | _aniveau_biblio:m niveau_hierar:0 | ||
| 100 | 1 | _aAnthony, Robert N. | |
| 700 | 1 | _aThomas, Juan J. | |
| 700 | 1 | _aHekimian, James S. | |
| 999 |
_c1960 _d1960 |
||